1877 1352 1530 1446 1175 1305 1695 1170 1636 1358 1967 1073 1289 1352 1163 1003 1837 1729 1219 1528 1017 1894 1100 1086 1627 1737 1810 1739 1151 1901 1128 1353 1260 1331 1257 1875 1693 1988 1833 1529 1518 1052 1077 1427 1884 1542 1232 1977 1978 1972 1167 1509 1614 1653 1570 1906 1449 1415 1750 1754 1170 1644 1191 1895 1929 1402 1711 1957 1407 1771 1792 1064 1633 1767 1322 1015 1817 1895 1280 1175 1654 1304 1488 1689 1870 1872 1134 1903 1415 1150 1190 1229 1825 1014 1913 1313 1768 1931 1878 BCNSPRNW ULIB Ver.6.0+V

เปลี่ยนเป็นภาษาไทย

Change to English
 แสดงรายละเอียดบรรณานุกรม
  กลับหน้าหลัก

Brief Record : Get Marc (ISO 2709) : E-mail record : QR code < ปิดหน้าต่าง
LEADER : 00000nam 2200000uu 4500
001    13399127076
003     ULIB
008    020711s2562 th a 000 0 tha d
020    ^a9786160444465
060    ^aWS103^bS-ค
100    ^aSEUNGHYUN YANG
245    ^aคุณตุ่นกับกล้องสุดเจ๋ง! ชุดนิทานวิทยาศาสตร์พัฒนาทักษะสมอง EF (เรียนรู้เรื่องกระดูกและกล้ามเนื้อ)
250    ^aพิมพ์ครั้งที่ 1
260    ^aกรุงเทพฯ :^bนานมีบุ๊คส์คิดดี้,^c2562
300    ^a28 หน้า;^b21 ซม.
650    ^aเด็ก^xการเรียนการสอน
945    ^p98^l0^i006264
999    ^aประนอม เกษจรัล
รายการนี้ยังไม่มีแท็ก
คุณยังไม่ได้ล็อกอิน คุณสามารถมีกิจกรรมร่วมกับเว็บไซต์ได้ แต่ต้องล็อกอินก่อน ::
  ล็อกอิน

รายการสื่อสารสนเทศ

ลำดับที่ ประเภท เลขเรียก/บาร์โค้ด สถานที่ สถานะ
1. วิทยาศาสตร์การแพทย์ และสุขภาพ
วิทยาศาสตร์การแพทย์ และสุขภาพ
WS103 S-ค ฉ.1 
  Barcode: 006264
ห้องสมุดวิทยาเขตสวรรค์ประชารักษ์
►หนังสือทั่วไป
บนชั้น

รายการใกล้เคียง
    ผู้แต่ง [SEUNGHYUN YANG]

BibComment


ยังไม่เคยถูกคอมเมนท์

คอมเมนท์ทรัพยากรรายการนี้
  คอมเมนท์: คุณตุ่นกับกล้องส..


 Copyright 2026. Bcnsprnw @Library